UM Logo

Seaweed Diseases in Coastal Area of Sitio, Brgy. Cogon, Digos City. (Record no. 6361)

MARC details
000 -LEADER
fixed length control field 00607nam a22001577a 4500
008 - FIXED-LENGTH DATA ELEMENTS--GENERAL INFORMATION
fixed length control field 170308b xxu||||| |||| 00| 0 eng d
082 ## - DEWEY DECIMAL CLASSIFICATION NUMBER
Edition number 2016
Classification number UT 0725
Item number F95
100 ## - MAIN ENTRY--PERSONAL NAME
9 (RLIN) 19123
Personal name Fuentes, Twinkle Sheen L.
245 ## - TITLE STATEMENT
Title Seaweed Diseases in Coastal Area of Sitio, Brgy. Cogon, Digos City.
Statement of responsibility, etc. Twinkle Sheen L. Fuentes, Loida F. Recorba and Mary Ann V. Rigos.
300 ## - PHYSICAL DESCRIPTION
Extent 36 pages;
Other physical details 28 cm.
650 #0 - SUBJECT ADDED ENTRY--TOPICAL TERM
9 (RLIN) 19124
Topical term or geographic name as entry element Education
Form subdivision Biological Science
General subdivision Undergraduate Thesis.
700 ## - ADDED ENTRY--PERSONAL NAME
9 (RLIN) 19125
Personal name Fuentes, Twinkle Sheen L.
700 ## - ADDED ENTRY--PERSONAL NAME
9 (RLIN) 19126
Personal name Recorba, Loida F.
700 ## - ADDED ENTRY--PERSONAL NAME
9 (RLIN) 19127
Personal name Rigos, Mary Ann V.
942 ## - ADDED ENTRY ELEMENTS (KOHA)
Source of classification or shelving scheme Dewey Decimal Classification
Koha item type Undergraduate Thesis
Holdings
Withdrawn status Lost status Source of classification or shelving scheme Damaged status Not for loan Home library Current library Date acquired Total Checkouts Full call number Barcode Date last seen Price effective from Koha item type
    Dewey Decimal Classification     UM Digos College - LIC UM Digos College - LIC 11/07/2016   UT 0725 F95 2016 UT0725 03/08/2017 03/08/2017 Undergraduate Thesis